La corrupción en Chile e Iberoamérica. Estudio criminológico, comparativo y dogmático.

Kaydedildi:
Detaylı Bibliyografya
Yazar: Guzmán Dalbora, José Luis (autor)
Materyal Türü: Bilinmiyor
Dil:İngilizce
Baskı/Yayın Bilgisi: Santiago, Chile: Ediciones Jurídicas de Santiago, 2022.
Edisyon:Primera edición.
Konular:
Etiketler: Etiketle
Etiket eklenmemiş, İlk siz ekleyin!

MARC

LEADER 00000 a2200000 4500
003 CL-VaPUC
005 20220602120918.0
008 220516b2022 ||||| |||| 00| 0 eng d
999 |c 435625  |d 435623 
020 |a 9789566053989 
040 |c Pontificia Universidad Católica de Valparaíso 
082 7 |a 364.1323 GUZ 2022  |2 22 
100 |a Guzmán Dalbora, José Luis  |9 599804  |e autor 
245 1 3 |a La corrupción en Chile e Iberoamérica.  |b Estudio criminológico, comparativo y dogmático. 
250 |a Primera edición.  
260 |a Santiago, Chile:   |b Ediciones Jurídicas de Santiago,  |c 2022. 
300 |a 174 páginas  
583 |k Cristina María Rojas Aguilar  |c 20220516 
650 |a Corrupción   |x Hstoria  |z Chile  |9 870039 
650 |a Corrupción   |x Historia   |z Iberoamérica  |9 870040 
942 |2 ddc  |c BK 
952 |0 0  |1 0  |2 ddc  |4 0  |6 364_132300000000000_GUZ_2022  |7 0  |8 A  |9 583079  |a BIBDER  |b BIBDER  |c GEN  |d 2022-05-16  |e 22  |g 27500.00  |i 5651235  |l 9  |m 4  |o 364.1323 GUZ 2022  |p 5651235  |r 2025-03-21  |s 2025-03-21  |t 1  |v 27500.00  |w 2022-05-16  |y BK  |k DER